000 00508cam a2200205 4500
001 D1188
008 090401t1978 xxu||||| |||| 00| 0 eng d
035 _a(Sirsi) u97595
041 _aeng
050 _a692.50285
100 _aBainbridge, A.B.
245 _aCan computers aid the estimator
260 _aAscat
_bInstitute of Building
_c1978
300 _a15p. 30cm
350 _a0
490 _aIOB Estimating Information Service
_v29
700 _aMcCaffer, R.
942 _n0
948 _c04/03/1997
999 _c98957
_d98957